| 000 | 00782cam a22002411 4500 | ||
|---|---|---|---|
| 001 | sa 63003558 | ||
| 003 | DLC | ||
| 005 | 20260227111942.0 | ||
| 008 | 881102s1963 ii 000 0 hino | ||
| 010 | _asa 63003558 | ||
| 035 | _a(OCoLC)23550257 | ||
| 040 |
_aDLC _cMiU _dNRU _dDLC |
||
| 042 | _apremarc | ||
| 050 | 0 | 0 |
_aPK2095.T8 _bR336 |
| 100 | 1 | _aPāṇḍeya, Rājakumāra. | |
| 245 | 1 | 0 | _aRāmacaritamānasa kā kāvyaśāstrīya anuśīlana. |
| 260 |
_aKānapura, _bAnusandhāna Prakāśana _c[1963] |
||
| 300 |
_a498, vi p. _c25 cm. |
||
| 500 | _aIn Hindi. | ||
| 500 | _a"Āgarā Viśvavidyālaya kī Pī.-Eca. Ḍī kī upādhi ke lie svīk r̥ta śodha-prabandha." | ||
| 504 | _aBibliography: p. [1]-vi. | ||
| 600 | 0 | 0 |
_aTulasīdāsa, _d1532-1623. _tRāmacaritamānasa. |
| 999 |
_c55161 _d55161 |
||